Islands with Longest Maximum Distances to the Sea - Statistics

General Stats
  • This quiz has been taken 587 times
  • The average score is 11 of 17
Answer Stats
Distance Country Island % Correct
270 Madagascar Madagascar
92%
475 Denmark Greenland
88%
115 United Kingdom Great Britain
84%
345 Indonesia Borneo
77%
120 Iceland Iceland
77%
115 Japan Honshu
71%
125 New Zealand South Island
71%
110 New Zealand North Island
70%
170 Indonesia Sumatra
70%
310 Indonesia New Guinea
69%
110 Japan Hokkaido
66%
110 Sri Lanka Sri Lanka
66%
100 Canada Baffin Island
58%
100 Philippines Luzon
48%
130 Canada Victoria Island
38%
105 Australia Tasmania
37%
110 Canada Newfoundland
24%
No matching quizzes found
Score Distribution
Percent of People with Each Score
Percentile by Number Answered
Your Score History
You have not taken this quiz